Cāa Mukalāwe dā. (Record no. 83566)

MARC details
000 -LEADER
fixed length control field 00712cam a22002531 4500
001 - CONTROL NUMBER
control field sa 68010814
003 - CONTROL NUMBER IDENTIFIER
control field DLC
005 - DATE AND TIME OF LATEST TRANSACTION
control field 20260227112555.0
008 - FIXED-LENGTH DATA ELEMENTS--GENERAL INFORMATION
fixed length control field 900226s1968 ii c 000 0 panr
010 ## - LIBRARY OF CONGRESS CONTROL NUMBER
LC control number sa 68010814
025 ## - OVERSEAS ACQUISITION NUMBER
Overseas acquisition number PL480:I-Pu-1196
035 ## - SYSTEM CONTROL NUMBER
System control number (OCoLC)21122341
040 ## - CATALOGING SOURCE
Original cataloging agency DLC
Transcribing agency MiEM
Modifying agency MiEM
-- DLC
042 ## - AUTHENTICATION CODE
Authentication code premarc
050 00 - LIBRARY OF CONGRESS CALL NUMBER
Classification number PK2656
Item number .D5
100 1# - MAIN ENTRY--PERSONAL NAME
Personal name Dilgir, Hardev,
Dates associated with a name 1939-
245 10 - TITLE STATEMENT
Title Cāa Mukalāwe dā.
Statement of responsibility, etc. [Lekhaka] Haradewa 'Dilagīra.'
250 ## - EDITION STATEMENT
Edition statement [1. Wāra.
260 ## - PUBLICATION, DISTRIBUTION, ETC.
Place of publication, distribution, etc. Amritasara,
Name of publisher, distributor, etc. Bhāī Catara Siṅgha Jīwana Siṅgha,
Date of publication, distribution, etc. 1968]
300 ## - PHYSICAL DESCRIPTION
Extent 134 p.
Other physical details ports.
Dimensions 19 cm.
500 ## - GENERAL NOTE
General note Without the notation.
500 ## - GENERAL NOTE
General note In Panjabi.
650 #0 - SUBJECT ADDED ENTRY--TOPICAL TERM
Topical term or geographic name entry element Folk songs
Geographic subdivision India.

No items available.

Powered by Koha